|
|
|
|
| LEADER |
01212nam a2200361 4500 |
| 001 |
DLU030022942 |
| 005 |
##20000628140318.0 |
| 008 |
##000306s2000 gw a b 100 0 eng |
| 010 |
# |
# |
|a 00028522
|
| 020 |
# |
# |
|a 3540672370 (acid-free paper)
|
| 040 |
# |
# |
|a DLC
|c DLC
|d DLC
|
| 042 |
# |
# |
|a pcc
|
| 050 |
# |
# |
|a QC611.8.L68
|b L69 2000
|
| 082 |
# |
# |
|a 537.622
|b Low
|
| 245 |
# |
# |
|a Low-dimensional systems :
|b interactions and transport properties : lectures of a workshop held in Hamburg, Germany, July 27-28, 1999 /
|c Tobias Brandes (ed.).
|
| 260 |
# |
# |
|a Berlin ;
|a New York :
|b Springer,
|c 2000.
|
| 300 |
# |
# |
|a vi, 219 p. :
|b ill. ;
|c 24 cm.
|
| 440 |
# |
# |
|a Lecture notes in physics ;
|v 544
|
| 500 |
# |
# |
|a Proceedings of the 219th workshop supported by WE Heraeus Foundation.
|
| 504 |
# |
# |
|a Includes bibliographical references.
|
| 650 |
# |
# |
|a Electron transport
|v Congresses.
|
| 650 |
# |
# |
|a Low-dimensional semiconductors
|v Congresses.
|
| 700 |
# |
# |
|a Brandes, Tobias,
|d 1966-
|
| 710 |
# |
# |
|a WE-Heraeus Foundation.
|
| 992 |
# |
# |
|a 70.80
|
| 994 |
# |
# |
|a DLU
|
| 900 |
# |
# |
|a True
|
| 911 |
# |
# |
|a Thái Thị Thanh Thủy
|
| 925 |
# |
# |
|a G
|
| 926 |
# |
# |
|a A
|
| 927 |
# |
# |
|a SH
|
| 980 |
# |
# |
|a Thư viện Trường Đại học Đà Lạt
|